La mediation en Chine
| 1. VerfasserIn: | |
|---|---|
| Medienart: | Druck Buch |
| Sprache: | Englisch Französisch |
| Veröffentlicht: |
Paris
Forum Européen pour la Sécurité Urbaine
1996
|
| In: | Jahr: 1996 |
| Bestand in Tübingen: | In Tübingen vorhanden. UB: KB 8 E 9447 |
| Verfügbarkeit prüfen: | HBZ Gateway |
| Subito Bestelldienst: | Jetzt bestellen. |
MARC
| LEADER | 00000cam a2200000 c 4500 | ||
|---|---|---|---|
| 001 | 1169423345 | ||
| 003 | DE-627 | ||
| 005 | 20220524124108.0 | ||
| 007 | tu | ||
| 008 | 020620s1996 xx ||||| 00| ||eng c | ||
| 035 | |a (DE-627)1169423345 | ||
| 035 | |a (DE-576)099423340 | ||
| 035 | |a (DE-599)BSZ099423340 | ||
| 035 | |a (OCoLC)47989478 | ||
| 040 | |a DE-627 |b ger |c DE-627 |e rakwb | ||
| 041 | |a eng |a fre | ||
| 100 | 1 | |a Mariani, Marie-Luce |4 aut | |
| 245 | 1 | 3 | |a La mediation en Chine |c par Marie-Luce Mariani pour le Forum Européen pour la Sécurité Urbaine |
| 264 | 1 | |a Paris |b Forum Européen pour la Sécurité Urbaine |c 1996 | |
| 300 | |a 44, 38 S. | ||
| 336 | |a Text |b txt |2 rdacontent | ||
| 337 | |a ohne Hilfsmittel zu benutzen |b n |2 rdamedia | ||
| 338 | |a Band |b nc |2 rdacarrier | ||
| 490 | 0 | |a Sécurité & démocratie | |
| 500 | |a Text engl. u. franz. - Parallelsacht.: Marie-Luce Mariani: Mediation in China | ||
| 583 | 1 | |a Archivierung prüfen |c 20200919 |f DE-640 |z 1 |2 pdager | |
| 951 | |a BO | ||
| ELC | |b 1 | ||
| LOK | |0 000 xxxxxcx a22 zn 4500 | ||
| LOK | |0 001 241313817X | ||
| LOK | |0 003 DE-627 | ||
| LOK | |0 004 1169423345 | ||
| LOK | |0 005 20020620000000 | ||
| LOK | |0 008 020620||||||||||||||||ger||||||| | ||
| LOK | |0 040 |a DE-21 |c DE-627 |d DE-21 | ||
| LOK | |0 852 |a DE-21 | ||
| LOK | |0 852 1 |c KB 8 E 9447 |9 00 | ||
| LOK | |0 935 |a krim | ||
| LOK | |0 936ln |a k5.3.2 | ||
| LOK | |0 939 |a 20-06-02 |b l01 | ||
| ORI | |a SA-MARC-krimdoka001.raw | ||
| SIG | |a UB: KB 8 E 9447 | ||
